000 00581nam a22001697a 4500
003 NUST
038 _aNusrat Nadeem
082 _a200
100 _aMuhammad Aamir Hassan
_954769
245 _aSpray Pyrolysis Synthesized Cu(In,Ga/Al)(S,Se)2 Thin Films for Photovoltaic Applications/
_cHassan Muhammad Aamir
264 _aIslamabad;
_bSCME NUST;
_c2018.
300 _a165,p;
_bill;
_c30,cm.
650 _aPhD-Materials Engineering
_9123162
700 _aSupervisor:Dr.Muhammad Mujahid
_9123496
856 _uhttp://10.250.8.41:8080/xmlui/handle/123456789/21657
942 _2ddc
_cSC
999 _c610741
_d610741